000 00519nam a2200205 a 4500
001 13742
003 CO-ViMGA
008 141112s2004 ck r 000 u spa d
020 _a9682423724
040 _aCO-ViMGA
_bspa
_cCO-ViMGA
082 0 4 _asCARc
100 1 _aScarry, Richard
_920043
245 1 0 _aEl conejito travieso
260 _aMexico :
_bTrillas,
_c1987
300 _a24
490 _aColeccion de Oro
590 _aForma de adquisición : Compra
650 1 4 _aCUENTOS INFANTILES
_92743
942 _2ddc
_cBK
999 _c24461
_d24461